<?xml version="1.0" encoding="UTF-8"?>
<collection xmlns="http://www.loc.gov/MARC21/slim">
 <record>
  <leader>01827nam a22002295a 4500</leader>
  <controlfield tag="001">MAT.inmabb005126</controlfield>
  <controlfield tag="008">841015s1965####nyu######b####001#0#eng##</controlfield>
  <controlfield tag="005">20130225095136.0</controlfield>
  <datafield tag="245" ind1="1" ind2="0">
   <subfield code="a">Methods of matrix algebra /</subfield>
   <subfield code="c">Marshall C. Pease, III.</subfield>
  </datafield>
  <datafield tag="260" ind1=" " ind2=" ">
   <subfield code="a">New York :</subfield>
   <subfield code="b">Academic Press,</subfield>
   <subfield code="c">1965.</subfield>
  </datafield>
  <datafield tag="300" ind1=" " ind2=" ">
   <subfield code="a">xviii, 406 p. ;</subfield>
   <subfield code="c">24 cm.</subfield>
  </datafield>
  <datafield tag="440" ind1=" " ind2="0">
   <subfield code="a">Mathematics in science and engineering ;</subfield>
   <subfield code="v">v. 16</subfield>
  </datafield>
  <datafield tag="500" ind1=" " ind2=" ">
   <subfield code="a">&quot;In writing this book, it has been my hope to make available to the physical scientist and engineer some of the more sophisticated techniques of matrix algebra. [...] This book is primarily directed toward the student, at or near the graduate level in physics or some related field, who is interested in any mathematical subject principally because he hopes to make use of it in his own research.''--Foreword.</subfield>
  </datafield>
  <datafield tag="504" ind1=" " ind2=" ">
   <subfield code="a">Bibliografía: p. 396-399.</subfield>
  </datafield>
  <datafield tag="505" ind1="0" ind2=" ">
   <subfield code="a">I. Vectors and matrices -- II. The inner product -- III. Eigenvalues and eigenvectors -- IV. Hermitian, unitary and normal matrices -- V. Change of basis, diagonalization, and the Jordan canonical form -- VI. Functions of a matrix -- VII. The matricant -- VIII. Decomposition theorems and the Jordan canonical form -- IX. The improper inner product -- X. The dyad expansion and its application -- XI. Projectors -- XII. Singular and rectangular operators -- XIII. The commutator operator -- XIV. The direct product and the Kronecker sum -- XV. Periodic systems -- XVI. Application to electromagnetic theory -- XVII. Sturm-Liouville systems -- XVIII. Markoff matrices and probability theory -- XIX. Stability.</subfield>
  </datafield>
  <datafield tag="510" ind1="4" ind2=" ">
   <subfield code="a">MR,</subfield>
   <subfield code="c">34 #7534</subfield>
  </datafield>
  <datafield tag="100" ind1="1" ind2=" ">
   <subfield code="a">Pease, Marshall C.</subfield>
   <subfield code="q">(Marshall Carleton),</subfield>
   <subfield code="d">1920-</subfield>
  </datafield>
  <datafield tag="650" ind1=" " ind2="0">
   <subfield code="a">Matrices.</subfield>
  </datafield>
  <datafield tag="084" ind1=" " ind2=" ">
   <subfield code="a">15-01 (00A69)</subfield>
   <subfield code="2">msc2000</subfield>
  </datafield>
  <datafield tag="010" ind1=" " ind2=" ">
   <subfield code="a">   65019017 </subfield>
  </datafield>
  <datafield tag="040" ind1=" " ind2=" ">
   <subfield code="a">DLC/ICU</subfield>
   <subfield code="c">ICU</subfield>
   <subfield code="d">DLC</subfield>
  </datafield>
  <datafield tag="859" ind1=" " ind2=" ">
   <subfield code="h">15</subfield>
   <subfield code="i">P363</subfield>
   <subfield code="p">A-2428</subfield>
   <subfield code="b">BIB. MATEMATICA</subfield>
  </datafield>
 </record>
</collection>
